000 00892nam a2200253 i 4500
001 bg
100 1 _aKOWALEWSKI, Eugeniusz
245 1 0 _aPrawo ubezpieczeń gospodarczych /
_cEugeniusz Kowalewski.
250 _aWyd. 2.
260 _aBydgoszcz ;
_aToruń :
_b"Branta",
_c2002.
300 _a480 s. ;
_c25 cm +
_eCD-ROM.
504 _aBibliogr., teksty aktów prawnych w aneksie.
521 _aPodręcznik akademicki dla studentów kier. prawniczych i ekonomicznych.
650 9 _aUbezpieczenia gospodarcze
_xprawo
_zPolska
_ystan na 2002 r.
655 _aPodręczniki akademickie
020 _a8389073226
040 _cBPK
041 0 _apol
080 _a347.764(438)(075.8)
920 _a83-89073-22-6
942 _cKS
008 s pl f |000 0 pol
999 _c43111
_d43111
856 _uhttp://koha.tu.koszalin.pl/cgi-bin/koha/opac-detail.pl?biblionumber=43111
_yKatalog online BPK